Guau 5 : (Registro nro. 10365)

Detalles MARC
000 -LIDER
fixed length control field 01486nam a2200373 a 4500
001 - NÚMERO DE CONTROL
Identificador de número de control 0000407
003 - IDENTIFICACDOR DE NÚMERO DE CONTROL
control field DO-SdBNP
005 - DATE AND TIME OF LATEST TRANSACTION
control field 20180316111907.0
007 - CAMPOS FIJOS DE DESCRIPCIÓN FÍSICA
fixed length control field 0000407
008 - ELEMENTOS DE LONGITUD FIJA
fixed length control field 150602s2014 dr a 000 0 spa d
020 ## - ISBN
International Standard Book Number 9789945175004
040 ## - FUENTE DE CATALOGACIÓN
Agencia que crea de manera original el registro BPMSU
Idioma de catalogación spa
Agencia que realiza la transcripción BPMSU
092 ## - LOCALLY ASSIGNED DEWEY DECIMAL CALL NUMBER
Número de clasificación 372.21
Número de ítem (Cutter) G918, 5 años 2014
245 00 - MENCIÓN DE TITULO
Título Guau 5 :
Subtítulo nivel inicial - 5 años de edad /
Mención de responsabilidad gerencia editorial Anna Rogero Soler ; ilustración Marta Costa...[et.al].
260 ## - PUBLICACIÓN, DISTRIBUCIÓN, ETC. (PIE DE IMPRENTA)
Lugar de publicación, distribución, etc Santo Domingo :
Nombre del editor, distribuidor, etc. SM,
Fecha de publicación, distribución, etc 2014.
300 ## - DESCRIPCIÓN FÍSICA
Extensión v:
Otros detalles físicos il. ;
Dimensiones 22 cm. + CD ROOM
490 1# - MENCIÓN DE SERIES
Mención de serie Educación en valores
500 ## - NOTA GENERAL
Nota general Guau 5 [nivel inicial - 4 años de edad, incluye los cuadernos de atención a la diversidades 1,2 y 3. <br/>
505 0# - NOTA DE CONTENIDO
Título El centro educativo --
-- La calle --
-- La familia --
-- El cuerpo --
-- Mi país --
-- Los alimentos --
-- Las plantas --
-- Los dinosaurios --
-- La tierra y el espacio --
-- Recortables --
-- Adhesivos --
650 ## - ENCABEZAMIENTO DE MATERIA--TEMÁTICO
Término temático o nombre geográfico como elemento de entrada EDUCACIÓN PREESCOLAR
Subdivisión geográfica REPÚBLICA DOMINICANA
650 ## - ENCABEZAMIENTO DE MATERIA--TEMÁTICO
Término temático o nombre geográfico como elemento de entrada EDUCACIÓN DE NIÑOS
650 ## - ENCABEZAMIENTO DE MATERIA--TEMÁTICO
Término temático o nombre geográfico como elemento de entrada EDUCACIÓN EN LA PRIMERA INFANCIA
650 ## - ENCABEZAMIENTO DE MATERIA--TEMÁTICO
Término temático o nombre geográfico como elemento de entrada JARDINES INFANTILES
650 ## - ENCABEZAMIENTO DE MATERIA--TEMÁTICO
Término temático o nombre geográfico como elemento de entrada EDUCACIÓN PREESCOLAR
Subdivisión temática general LIBROS DE TEXTO
650 ## - ENCABEZAMIENTO DE MATERIA--TEMÁTICO
Término temático o nombre geográfico como elemento de entrada EDUCACIÓN PREESCOLAR
Subdivisión temática general ESTUDIOS Y EJERCICIOS
700 1# - ASIENTO SECUNDARIO -- NOMBRE PERSONAL
Nombre personal Costa, Marta
Mención de responsabilidad il.
700 1# - ASIENTO SECUNDARIO -- NOMBRE PERSONAL
Nombre personal Fung, Wi-Hen
Mención de responsabilidad il.
700 1# - ASIENTO SECUNDARIO -- NOMBRE PERSONAL
Nombre personal Rogero Soler, Anna
Mención de responsabilidad ger. ed.
830 #0 - ASIENTO SECUNDARIO DE SERIE--TÍTULO UNIFORME
Nombre de la parte o sección de una obra Educación en valores
910 ## - VALIDACIÓN
Validación 00144
942 ## - ADDED ENTRY ELEMENTS (KOHA)
Source of classification or shelving scheme Dewey Decimal Classification
Koha item type Libros
945 ## - INFORMACIÓN DE PROCESAMIENTO LOCAL
Información de procesamiento local Remanejado para la Bib. BNPHU, 2018/ YL
956 ## - LOCAL ELECTRONIC LOCATION AND ACCESS (OCLC)
Nombre de host Yngrid Lockward
Número de acceso 10
Existencias
Withdrawn status Lost status Source of classification or shelving scheme Damaged status Not for loan Collection code Home library Current library Date acquired Source of acquisition Total Checkouts Barcode Date last seen Price effective from Koha item type Copy number
    Dewey Decimal Classification     Colección Escolar Biblioteca Pública Metropolitana Salomé Ureña Biblioteca Pública Metropolitana Salomé Ureña 06/13/2016 Donación   BPMSU16060166 06/13/2016 06/13/2016 Libros  
    Dewey Decimal Classification     Colección Escolar Biblioteca Pública Metropolitana Salomé Ureña Biblioteca Pública Metropolitana Salomé Ureña 06/13/2016 Donación   BPMSU16060167 06/13/2016 06/13/2016 Libros v. 1
    Dewey Decimal Classification     Colección Escolar Biblioteca Pública Metropolitana Salomé Ureña Biblioteca Pública Metropolitana Salomé Ureña 06/13/2016 Donación   BPMSU16060168 06/13/2016 06/13/2016 Libros v. 2
    Dewey Decimal Classification     Colección Escolar Biblioteca Pública Metropolitana Salomé Ureña Biblioteca Pública Metropolitana Salomé Ureña 06/13/2016 Donación   BPMSU16060169 06/13/2016 06/13/2016 Libros v. 3